A evaluation of alternative methods for computing standardized mean difference effect size (Record no. 68618)

MARC details
000 -CABECERA
campo de control de longitud fija 00680nam a2200229 a 4500
005 - FECHA Y HORA DE LA ÚLTIMA TRANSACCIÓN
campo de control 20210219153115.0
008 - ELEMENTOS DE LONGITUD FIJA--INFORMACIÓN GENERAL
campo de control de longitud fija 991125n 000 0 u
035 ## - NÚMERO DE CONTROL DEL SISTEMA
Número de control de sistema UPN01000078273
100 ## - ASIENTO PRINCIPAL--NOMBRE PERSONAL
Nombre de persona Taylor, Matthew J.
222 ## - TÍTULO CLAVE
Título clave JOURNAL OF EXPERIMENTAL EDUCATION
245 ## - MENCIÓN DE TÍTULO
Título A evaluation of alternative methods for computing standardized mean difference effect size
300 ## - DESCRIPCIÓN FÍSICA
Extensión 63-72
362 ## - FECHAS DE PUBLICACIÓN Y/O DESIGNACIÓN SECUENCIAL
Fecha de publicación y/o designación secuencial 61, No. 1, 1992
505 ## - NOTA DE CONTENIDO CON FORMATO PREESTABLECIDO
Nota de contenido con formato Noviembre 1993
653 0# - TERMINO DE INDIZACION - NO CONTROLADO
Término no controlado ANALISIS COMPARATIVO
653 0# - TERMINO DE INDIZACION - NO CONTROLADO
Término no controlado META ANALISIS
653 0# - TERMINO DE INDIZACION - NO CONTROLADO
Término no controlado METODOLOGIA DE LA INVESTIGACION
653 0# - TERMINO DE INDIZACION - NO CONTROLADO
Término no controlado TAMA\197O DEL EFECTO
700 ## - ASIENTO SECUNDARIO--NOMBRE DE PERSONAL
Nombre de persona White, Karl R.
904 ## - ELEMENTOS DE DATOS D LOCAL, LDD (RLIN)
a AC
b 016084
905 ## - TIPO DE MATERIAL
Tipo de material Articulo

No items available.